| 000 | 00752cam a2200253 a 4500 | ||
|---|---|---|---|
| 008 | |||
| 020 | _a0750620080 (pbk.) | ||
| 049 | _aMAIN | ||
| 090 |
_aKD2870 _bCRO |
||
| 100 | 1 | _aCrone, Tom. | |
| 245 | 1 | 0 |
_aLaw and the media : _ban everyday guide for professionals / _cTom Crone. |
| 250 | _a3rd ed. | ||
| 260 |
_aOxford : _bFocal press, _c1995. |
||
| 300 |
_axii, 235 p. ; _c24 cm. |
||
| 500 | _aIncludes index. | ||
| 650 | 0 |
_aMass media _xLaw and legislation _zGreat Britain. |
|
| 650 | 0 |
_aPress law _zGreat Britain. |
|
| 650 | 0 |
_aLibel and slander _zGreat Britain. |
|
| 907 |
_a.b10228597 _b09-05-13 _c31-01-07 |
||
| 003 | |||
| 005 | 20230123122008.0 | ||
| 040 | _cNUST | ||
| 942 |
_cBOOKS _kKD2870 _mCRO |
||
| 999 |
_c125999 _d125999 |
||